|
|
|
|
| LEADER |
00000cam a2200000 7i4500 |
| 001 |
0000054167 |
| 005 |
20151222.0 |
| 008 |
151103 |
| 020 |
|
|
|a 9789838808972 (set)
|
| 020 |
|
|
|a 9789838809030
|
| 090 |
0 |
0 |
|a JF
|b CT MAL
|
| 100 |
0 |
|
|a Badrul Risham Naruddin
|
| 245 |
1 |
0 |
|a Mendapat ganjaran
|c Badrul Risham Naruddin
|
| 260 |
|
|
|a Selangor :
|b Eddiplex ,
|c 2014
|
| 490 |
0 |
|
|a Siri klasik rakyat
|
| 500 |
|
|
|a Children ages 7-9 years old (orange)
|
| 650 |
|
0 |
|a Folk literature, Malay
|
| 999 |
|
|
|a 0001363024
|b Book
|c Children Collection
|e Perbadanan Perpustakaan Awam Johor
|
| 999 |
|
|
|a 0001363025
|b Book
|c Children Collection
|e Perbadanan Perpustakaan Awam Johor
|
| 999 |
|
|
|a 0001363026
|b Book
|c Children Collection
|e Cawangan Urban Transformation Centre
|
| 999 |
|
|
|a 0001363027
|b Book
|c Children Collection
|e Cawangan Urban Transformation Centre
|
| 999 |
|
|
|a 0001363028
|b Book
|c Children Collection
|e Cawangan AEON Kulaijaya
|
| 999 |
|
|
|a 0001363297
|b Book
|c Children Collection
|e Cawangan Tmn. Ungku Tun Aminah
|
| 999 |
|
|
|a 0001363299
|b Book
|c Children Collection
|e Cawangan Mersing
|
| 999 |
|
|
|a 0001363300
|b Book
|c Children Collection
|e Cawangan Kota Tinggi
|
| 999 |
|
|
|a 0001363301
|b Book
|c Children Collection
|e Cawangan Taman Universiti
|
| 999 |
|
|
|a 0001363302
|b Book
|c Children Collection
|e Cawangan Taman Sri Lambak
|
| 999 |
|
|
|a 0001363303
|b Book
|c Teenagers
|e Cawangan Bandar Tenggara
|
| 999 |
|
|
|a 0001363304
|b Book
|c Children Collection
|e Cawangan Bandar Penawar
|
| 999 |
|
|
|a 0001363305
|b Book
|c Adult Collection
|e Cawangan Pontian
|
| 999 |
|
|
|a 0001363306
|b Book
|c Children Collection
|e Cawangan Tangkak
|
| 999 |
|
|
|a 0001363307
|b Book
|c Children Collection
|e Cawangan Batu Pahat
|
| 999 |
|
|
|a 0001363308
|b Book
|c Children Collection
|e Cawangan Segamat
|
| 999 |
|
|
|a 0001363309
|b Book
|c Children Collection
|e Cawangan Bukit Gambir
|
| 999 |
|
|
|a 0001363310
|b Book
|c Children Collection
|e Cawangan Sri Merlong
|